000 00357nam a2200145Ia 4500
003 GCL
008 140319s9999 xx 000 0 eng d
040 _aGCL /
_cGCL
082 0 4 _a941
_bC C
100 1 _aCOURT, A. N.
245 1 0 _aTHE COLOURFUL BRITISH ISLES /
_cCOURT, A. N.
260 _a[S.N] :
_bJARROLD
650 0 4 _aBRITISH ISLANDS
942 _2ddc
_cBK
999 _c21814
_d21814